000 01340cam a2200397 b4500
999 _c23110
_d23110
001 vtls011835409
005 20220131081040.0
008 210624s2019 xo gr 000 fdslo
020 _a9788055164878
_q(viazané)
035 _a8BBF8059-6388-48BF-81C2-994E233D3FA6
035 _aurn:nbn:sk:snk-am3ie47
035 _aurn:nbn:sk:snk-am00e6kg
040 _aTTKJF
_bslo
_dTTKJF
_dSNK
_erda
_cSNK
041 1 _aslo
_heng
044 _axo
_cSK
072 7 _a821.11(73) -3
_xAmerická próza
_2konspekt
080 _a821.111(73)-31
_22011
080 _a(0:82-312.5)
_22011
100 1 _aMartinez, Aly
_4aut
_92613
240 1 4 _aThe darkest sunrise
_lSlovensky
245 1 0 _aNajtemnejší úsvit
_cAly Martinezová ; preložila Veronika Bali
264 1 _aBratislava
_bIkar
_c2019
300 _a255 strán
_c21 cm
336 _atext
_btxt
_2rdacontent
337 _abez média
_bn
_2rdamedia
338 _azväzok
_bnc
_2rdacarrier
500 _aObsahuje krátke biografické údaje o autorke na zadnej obálke
500 _aPokračovanie diela v publikácií Najjasnejší súmrak
655 7 _aamerické romány
_2SNKPH
_92
655 0 7 _aľúbostné romány
_2SNKPH
_913
655 7 _aAmerican fiction
_2SNKPHeng
_93
655 7 _aLove novels
_2SNKPHeng
_91667
700 1 _aBali, Veronika
_4trl
_92614
958 _aLX
958 _aUP